000 01381nam a2200193 a 4500
008 180918e1995 ag ||||g||||| 00| 1|spa d
020 _a9505000367
041 _aspa
092 _c808
_l14
_sCUE
100 1 _aCue, Ramón.
_94289
245 _aMi Cristo roto /
_cRamón Cue
250 _a20a ed.
260 _aBuenos Aires:
_bEditorial Guadalupe;
_c1995.
300 _a142 p.
500 _aCue, R. (1995). Mi Cristo roto. (20a ed.). Buenos Aires : Editorial Guadalupe.
505 _a"Es una charla íntima, sencilla, insignificante". Así comienza el P. Cue este relato conmovedor, entrañable y profundo. El relato del encuentro del hombre con Cristo. Un Cristo manco, cojo, sin cara, sin cruz. Un Cristo que no quiere ser restaurado porque desea que le prestemos nuestros brazos para encerrar en ellos a todos los hombres, nuestras piernas para que le llevemos por todos los caminos, nuestros ojos para mirar todas las desdichas, nuestros oídos para escuchar todas las quejas. Un Cristo que no quiere ser restaurado porque quiere que en su rostro veamos todos los rostros, que sobre sus espaldas carguemos todas nuestras cruces. Entremos con el P. Cue en este profundo diálogo con el pequeño Cristo roto, y dejemos que nos conduzca con él por esta visión nueva y al mismo tiempo repetida, del amor insondable de Dios.
655 _aLiteratura
_92917
942 _2ddc
_cLIT
999 _c3232
_d3232